Romances andaluces / (Record no. 100793)

MARC details
000 -LEADER
campo de control de longitud fija 00706nam a2200241 i 4500
001 - NÚMERO DE CONTROL
campo de control 100793
003 - IDENTIFICADOR DE NÚMERO DE CONTROL
campo de control ES-MaACL
005 - FECHA Y HORA DE LA ÚLTIMA TRANSACCIÓN
campo de control 20230906182743.0
007 - CAMPO FIJO DE DESCRIPCIÓN FÍSICA--INFORMACIÓN GENERAL
campo de control de longitud fija t|
008 - DATOS DE LONGITUD FIJA--INFORMACIÓN GENERAL
campo de control de longitud fija 051005s1981 zzz ||||1| spa d
020 ## - NÚMERO INTERNACIONAL ESTÁNDAR DEL LIBRO
Número Internacional Estándar del Libro 84-850800-X
100 1# - ENTRADA PRINCIPAL--NOMBRE DE PERSONA
Nombre de persona Matias Gil, José.
9 (RLIN) 79066
245 10 - MENCIÓN DEL TÍTULO
Título Romances andaluces /
Mención de responsabilidad, etc. José Matias Gil.
250 ## - MENCION DE EDICION
Mención de edición 4ª ed.
260 ## - PUBLICACIÓN, DISTRIBUCIÓN, ETC.
Lugar de publicación, distribución, etc. [s.l. :
Nombre del editor, distribuidor, etc. s.n.],
Fecha de publicación, distribución, etc. 1981 (
Lugar de fabricación/manufactura Dos Hermanas Sevilla :
Fabricante Gráf. Rublan)
300 ## - DESCRIPCIÓN FÍSICA
Extensión 148 p. ;
Dimensiones 21 cm.
490 1# - MENCIÓN DE SERIE
Mención de serie Algo nuestro ;
Designación de volumen o secuencia 14
830 0# - PUNTO DE ACCESO ADICIONAL DE SERIE-TÍTULO UNIFORME
Título uniforme Algo nuestro ;
Designación de volumen o secuencia 14
9 (RLIN) 232453
852 ## - LOCALIZACIÓN
Ubicación ES-MaACL
Número de control de estantería L-10673
Sublocalización o colección R.112297
852 ## - LOCALIZACIÓN
Ubicación ES-MaACL
Número de control de estantería L-1428
Sublocalización o colección R.102233
852 ## - LOCALIZACIÓN
Ubicación ES-MaACL
Número de control de estantería L-1426
Sublocalización o colección R.102232
Holdings
Estatus retirado Estado de pérdida Estado de daño No para préstamo Biblioteca de origen Biblioteca actual Ubicación en estantería Fecha de adquisición Fuente de adquisición Total de préstamos Signatura topográfica completa Código de barras Visto por última vez Precio de reemplazo Tipo de ítem Koha
        Biblioteca del Ateneo de Madrid Biblioteca del Ateneo de Madrid Depósito 2 17/01/2008     L-1426 1105233 23/02/2023 23/02/2023 Libro impreso
        Biblioteca del Ateneo de Madrid Biblioteca del Ateneo de Madrid Depósito 2 17/01/2008     L-10673 1105231 23/02/2023 23/02/2023 Libro impreso
        Biblioteca del Ateneo de Madrid Biblioteca del Ateneo de Madrid Depósito 2 17/01/2008     L-1428 1105232 23/02/2023 23/02/2023 Libro impreso